[Event "Bundesliga 2004-5"]
[Site "Neukoelln GER"]
[Date "2005.02.13"]
[Round "11"]
[White "Van den Doel,E"]
[Black "Rudolf,Hen"]
[Result "1-0"]
[WhiteElo "2560"]
[BlackElo "2322"]

1.e4 c5 2.Nf3 e6 3.d4 cxd4 4.Nxd4 Nc6 5.Nc3 Qc7 6.Be2 a6 7.O-O Nf6 8.a4 Be7
9.Be3 O-O 10.f4 d6 11.Kh1 Re8 12.Bd3 Nb4 13.a5 Bd7 14.Qe1 Bc6 15.Qg3 Bf8
16.Nf3 d5 17.Bb6 Qe7 18.e5 Ne4 19.Bxe4 dxe4 20.Nd4 Rac8 21.Nxc6 Rxc6 22.Nxe4 Nd5
23.c3 f5 24.exf6 Nxf6 25.Ng5 e5 26.f5 Rc4 27.Ne6 Qf7 28.Qxe5 Re4 29.Qg3 Qh5
30.Qf3 Qh6 31.Rad1 Ng4 32.h3  1-0

[Event "21st Open"]
[Site "Cappelle la Grande FRA"]
[Date "2005.02.15"]
[Round "5"]
[White "Aagaard,J"]
[Black "Gourlay,I"]
[Result "1/2-1/2"]
[WhiteElo "2449"]
[BlackElo "2304"]

1.e4 c5 2.Nf3 e6 3.d4 cxd4 4.Nxd4 Nc6 5.Nc3 Qc7 6.Be2 a6 7.O-O Nf6 8.Kh1 Be7
9.f4 d6 10.Nxc6 bxc6 11.Qd3 d5 12.b3 O-O 13.Bb2 Rd8 14.e5 Nd7 15.Na4 a5 16.c4 Nc5
17.Nxc5 Bxc5 18.Qc2 Qa7 19.Bd3 g6 20.g4 dxc4 21.bxc4 Bd4 22.Rad1 c5 23.Be4 Bb7
24.Ba3 Rab8 25.Rb1 Bxe4+ 26.Qxe4 Rxb1 27.Rxb1 Rb8 28.Rb5 a4 29.Kg2 Rxb5 30.cxb5 Qa5
31.Qd3 Qa8+ 32.Qf3 Qa5  1/2-1/2

[Event "GM"]
[Site "Nancy FRA"]
[Date "2005.02.15"]
[Round "3"]
[White "Nijboer,F"]
[Black "Miladinovic,I"]
[Result "1/2-1/2"]
[WhiteElo "2549"]
[BlackElo "2611"]

1.e4 c5 2.Nf3 Nc6 3.Nc3 e6 4.d4 cxd4 5.Nxd4 Qc7 6.Be2 a6 7.O-O Nf6 8.Be3 Bb4
9.Nxc6 bxc6 10.Qd4 c5 11.Qc4 Bb7 12.a3 Bxc3 13.Qxc3 Nxe4 14.Qxg7 O-O-O 15.f3 Rhg8
16.Qxf7 Nd6 17.Qe7 Rde8 18.Qh4 Nf5 19.Qf4 d6 20.Bf2 Ref8 21.Qa4 Qg7 22.g3 a5
23.Ba6 Bxa6 24.Qc6+ Qc7 25.Qxa6+ Kd7 26.b4 c4 27.bxa5 Ra8 28.Qb5+ Qc6 29.a4 Rgb8
30.Bb6 Qxb5 31.axb5 Ne7 32.Rfd1 Nd5 33.Rxd5 exd5 34.Rd1 Re8 35.Kf2 Re5 36.f4 Rh5
37.h4 d4 38.Rxd4 Rc8 39.g4 Rxb5 40.Ke3 h5  1/2-1/2

[Event "21st Open"]
[Site "Cappelle la Grande FRA"]
[Date "2005.02.16"]
[Round "6"]
[White "Burg,T"]
[Black "Wang Rui"]
[Result "0-1"]
[WhiteElo "2099"]
[BlackElo "2478"]

1.e4 c5 2.Nf3 e6 3.d4 cxd4 4.Nxd4 Nc6 5.Nc3 Qc7 6.Be2 Nf6 7.O-O a6 8.Kh1 Be7
9.f4 d6 10.a4 O-O 11.Be3 Re8 12.a5 Nd7 13.Nb3 b5 14.axb6 Nxb6 15.Qe1 Nd7
16.Qg3 Bb7 17.Rad1 Nb4 18.Nd4 Bf8 19.Bd3 Rac8 20.f5 d5 21.fxe6 fxe6 22.Bf4 Qb6
23.e5 Nxd3 24.Rxd3 Nc5 25.Rdd1 Qxb2 26.Rb1 Qa3 27.Bh6 Rc7 28.Bc1 Qa5 29.Bd2 Rcc8
30.Rxb7 Nxb7 31.Ne4 Qa3 32.Nf6+ Kh8 33.Nxe8 Rxe8 34.Qf2 Bc5 35.Qh4 Qa4 36.Bh6 Qd7
37.Bd2 Bxd4 38.Qxd4 Nd8 39.Bb4 Kg8 40.Ba3 Nf7 41.h3 Rc8 42.c3 a5 43.Rf3 Ng5
44.Rf4 Qb7 45.h4 Nf7 46.Rf2 Qb1+ 47.Kh2 Qe4 48.Qd2 Qxe5+ 49.Kh1 Rb8 50.g3 Rb1+
51.Kg2 Qe1 52.Qxe1 Rxe1 53.c4 dxc4 54.Rc2 Ne5 55.Kf2 Re4 56.Bd6 h5 57.Bc7 Nc6
58.Kf3 Rd4 59.Ke3 Rd7 60.Bf4 e5 61.Bg5 Rd4 62.Rc1 Kf7 63.Rf1+ Ke6 64.Rf8 c3
65.Ke2 c2 66.Rf1 Kd5 67.Rc1 Rc4 68.Kd3 Nd4 69.Re1 Nf3 70.Re3 Nxg5  0-1

[Event "XI Open"]
[Site "Coria del Rio BRA"]
[Date "2005.02.16"]
[Round "7"]
[White "Korneev,O"]
[Black "Ivanov,J"]
[Result "1/2-1/2"]
[WhiteElo "2602"]
[BlackElo "2354"]

1.e4 c5 2.Nf3 e6 3.d4 cxd4 4.Nxd4 Nc6 5.Nc3 Qc7 6.Be3 a6 7.Qd2 Nxd4 8.Bxd4 b5
9.O-O-O Bb7 10.f3 Ne7 11.Kb1 Bc6 12.Bc5 Ng6 13.Bxf8 Rxf8 14.h4 Qf4 15.Qe1 f5
16.Nd5 Qe5 17.h5 Nf4 18.Nxf4 Qxf4 19.exf5 Rxf5 20.Bd3 Re5 21.Qf2 h6 22.Rh4 Qe3
23.Qxe3 Rxe3 24.Kc1 Re5 25.f4 Rd5 26.Kd2 Kf8 27.Ke3 e5 28.Rf1 Re8 29.f5 Rd6
30.Rg4 Rf6 31.Rg6 d5 32.c3 Rd8 33.g4 Be8 34.g5 hxg5 35.Rxg5 Rh6 36.f6 d4+
37.cxd4 exd4+ 38.Kd2 gxf6 39.Rc5 Ke7 40.b4 Rxh5 41.Re1+ Re5 42.Rcxe5+ fxe5
43.Rxe5+ Kd6 44.Rf5 Bc6 45.Rf6+ Kc7 46.Rf7+ Rd7 47.Rf4 Rd6 48.a3 Bd7 49.Rf7 Kb6
50.Be4 Bc6 51.Bxc6 Rxc6 52.Kd3 Rc3+ 53.Kxd4 Rxa3 54.Rf6+ Kb7 55.Rf7+  1/2-1/2

[Event "Aeroflot Open"]
[Site "Moscow RUS"]
[Date "2005.02.16"]
[Round "2"]
[White "Kurnosov,I"]
[Black "Kharlov,A"]
[Result "0-1"]
[WhiteElo "2538"]
[BlackElo "2614"]

1.e4 c5 2.Nf3 e6 3.d4 cxd4 4.Nxd4 Nc6 5.Nc3 d6 6.g4 a6 7.Be3 Nge7 8.Nb3 b5
9.Qe2 Ne5 10.a4 b4 11.Na2 Bb7 12.Bg2 N7c6 13.O-O-O Qh4 14.h3 a5 15.f4 Ba6
16.Qf2 Qxf2 17.Bxf2 Nc4 18.Kb1 g5 19.Nd4 Nxd4 20.Bxd4 e5 21.fxe5 dxe5 22.Bf2 Be7
23.Nc1 h5 24.Nd3 hxg4 25.hxg4 Rxh1 26.Rxh1 O-O-O 27.Kc1 b3 28.cxb3 Rxd3 29.bxc4 Bb4
30.c5 Rd2 31.Bf1 Be2 32.Bxe2 Rxe2 33.Bg3 Rxe4 34.Rf1 Re3 35.Bh2 f6 36.Kb1 Rh3
37.Rf2 Kc7 38.c6 Kxc6 39.Rxf6+ Kd5 40.Rf2 e4 41.Kc2 e3 42.Re2 Ke4 43.Bc7 Rh6
44.Kd1 Rh1+  0-1

[Event "FSGM February"]
[Site "Budapest HUN"]
[Date "2005.02.17"]
[Round "13"]
[White "Szabo,Kr"]
[Black "Boros,De"]
[Result "1/2-1/2"]
[WhiteElo "2376"]
[BlackElo "2404"]

1.e4 c5 2.Nf3 Nc6 3.d4 cxd4 4.Nxd4 e6 5.Nc3 a6 6.Nxc6 bxc6 7.Bd3 Qc7 8.O-O Nf6
9.Qe2 d5 10.f4 Be7 11.b3 Bb7 12.e5 Nd7 13.Na4 c5 14.c4 d4 15.Bd2 Qc6 16.Rf3 g6
17.Re1 h5 18.Qf2 a5 19.Rh3 Qc7 20.Nb2 Nb6 21.a4 Nd7 22.Bc2 Rg8 23.Nd3 Nb8
24.Qe2 Qc6 25.Qf1 Qb6 26.Nf2 Na6 27.Ne4 O-O-O 28.Ng5 Rgf8 29.Be4 Rd7 30.Bxb7+ Kxb7
31.Re4 Ka7 32.Rd3 Nb8 33.Re2 Nc6 34.Qe1 Bxg5 35.fxg5 Rb8 36.Qg3 Ne7 37.Qe1 Ka6
38.h3 Nf5 39.g4 Ne7 40.Rf2 hxg4 41.hxg4 Nc6 42.Re2 Rh8 43.Qg3 Qb7 44.Rh2 Rdd8
45.Rh6 Qc7 46.Bf4 Nb4 47.Rd2 Qb7 48.Qg2 Kb6 49.Qxb7+ Kxb7 50.Kf2 Kc7 51.Kf3 Nc6
52.Ke4 Rb8 53.Rxh8 Rxh8 54.Rh2 Rb8 55.Rh3 Kd7 56.Bd2 Ke7 57.Be1 Rd8 58.Bf2 Kd7
59.Rh7 Ke7 60.Rh3 Rb8 61.Be1 Kd7 62.Bd2 Rb7 63.Be1 Kc7 64.Bd2 Kb6 65.Rf3 Rd7
66.Rd3 Rd8 67.Rf3 d3 68.Rxd3 Rxd3 69.Kxd3 Nxe5+ 70.Ke4 Nc6 71.Bc3 Kc7 72.Bg7 Kb7
73.Bc3 Kc8 74.Bg7 Kc7 75.Bc3 Kd6 76.Bg7 Ke7 77.Bf6+ Kd7 78.Bg7 Kc7  1/2-1/2

[Event "XI Open"]
[Site "Coria del Rio BRA"]
[Date "2005.02.17"]
[Round "8"]
[White "Cheparinov,I"]
[Black "Ivanov,J"]
[Result "1-0"]
[WhiteElo "2572"]
[BlackElo "2354"]

1.e4 c5 2.Nf3 e6 3.d4 cxd4 4.Nxd4 Nc6 5.Nc3 Qc7 6.Be3 a6 7.Qd2 Nf6 8.O-O-O Bb4
9.f3 Ne7 10.Nde2 d5 11.Bg5 dxe4 12.Bxf6 gxf6 13.Qd4 exf3 14.Qxb4 fxe2 15.Bxe2 f5
16.Bb5+ axb5 17.Nxb5 Qa5 18.Qc5 O-O 19.Rd3 Qxa2 20.Qxe7 Ra4 21.Qg5+ Kh8 22.Qf6+ Kg8
23.Qg5+ Kh8 24.Nd6 Bd7 25.Qh6 Kg8 26.Rh3 Qa1+ 27.Kd2 Rd4+ 28.Ke3 f4+ 29.Kf3 Bc6+
30.Kg4 Be4 31.Rxa1  1-0

[Event "Aeroflot Open B"]
[Site "Moscow RUS"]
[Date "2005.02.17"]
[Round "3"]
[White "Savchenko,B"]
[Black "Potkin,V"]
[Result "1/2-1/2"]
[WhiteElo "2484"]
[BlackElo "2546"]

1.e4 c5 2.Nf3 e6 3.d4 cxd4 4.Nxd4 Nc6 5.Nc3 Qc7 6.Be3 a6 7.Qd2 Nf6 8.f3 Bb4
9.a3 Be7 10.g4 b5 11.g5 Nh5 12.f4 h6 13.gxh6 Bh4+  1/2-1/2

[Event "21st Open"]
[Site "Cappelle la Grande FRA"]
[Date "2005.02.18"]
[Round "8"]
[White "Dzhumaev,M"]
[Black "Bruno,F"]
[Result "1-0"]
[WhiteElo "2569"]
[BlackElo "2379"]

1.e4 c5 2.Nf3 e6 3.d4 cxd4 4.Nxd4 Nc6 5.Nc3 Qc7 6.Be3 Nf6 7.Be2 a6 8.O-O b5
9.Nxc6 dxc6 10.Bf3 Bd6 11.a4 Rb8 12.g3 e5 13.Nb1 O-O 14.c4 bxc4 15.Nd2 Bh3
16.Re1 Bb4 17.Qe2 Be6 18.Red1 Bxd2 19.Rxd2 Rfd8 20.a5 c5 21.Rxd8+ Rxd8 22.Qc2 Bg4
23.Bg2 Be6 24.Bf1 Ng4 25.Bc1 Qd6 26.h3 Nf6 27.Be3 Qc6 28.f3 Qb5 29.Ra4 h6
30.Bxc4 Bxc4 31.Rxc4 Qxa5 32.Kf2 Nd7 33.Qd1 Qb5 34.Rc2 Rc8 35.Rd2 Nf8 36.Qe2 Ne6
37.Qxb5 axb5 38.Rd5  1-0

[Event "Aeroflot Open B"]
[Site "Moscow RUS"]
[Date "2005.02.18"]
[Round "4"]
[White "Lahno,Kateri"]
[Black "Vorobiov,E"]
[Result "0-1"]
[WhiteElo "2454"]
[BlackElo "2529"]

1.e4 c5 2.Nf3 e6 3.d4 cxd4 4.Nxd4 Nc6 5.Nc3 Qc7 6.Be2 a6 7.O-O Nf6 8.Kh1 d6
9.f4 Be7 10.Be3 O-O 11.Qe1 Nxd4 12.Bxd4 b5 13.a3 Bb7 14.Qg3 Bc6 15.Rae1 Rae8
16.Bd3 e5 17.fxe5 Nh5 18.Qh3 dxe5 19.Qxh5 exd4 20.Nd5 Bxd5 21.exd5 g6 22.Qg4 Bd6
23.g3 Qc5 24.Qf3 Re5 25.Rxe5 Bxe5 26.Re1 Qd6 27.Bf1 Kg7 28.Qe4 Re8 29.Bg2 Re7
30.Qd3 h5 31.Bf3 Rc7 32.Kg2 Bf6 33.Re2 Qc5 34.Qe4 a5 35.Qf4 Rd7 36.Rf2 Qe7
37.Re2 Qd8 38.Qd2 Qb6 39.Re8 Rc7 40.Re2 b4 41.a4 Rc5 42.Be4 Qd6 43.Rf2 d3
44.cxd3 Bd4 45.Re2 Rxd5 46.Bxd5 Qxd5+ 47.Kh3 g5 48.Re4 Kg6 49.Rxd4 Qxd4 50.Kg2 b3
51.Qxa5 Qxb2+ 52.Kf3 Qf6+ 53.Ke3 b2 54.Qb4 Qe6+ 55.Kd2 Qa2 56.Qe4+ Kh6 57.Qc6+ Kg7
58.Qc3+ Kh7  0-1

[Event "Mayor de Chile"]
[Site "Santiago CHI"]
[Date "2005.02.18"]
[Round "5"]
[White "Marin Pincheira,C"]
[Black "Arancibia,E"]
[Result "0-1"]
[WhiteElo "2221"]
[BlackElo "2364"]

1.e4 c5 2.Nf3 e6 3.d4 cxd4 4.Nxd4 Nc6 5.Nc3 a6 6.Be3 Qc7 7.Be2 Nf6 8.O-O Bb4
9.Na4 Bd6 10.Nxc6 bxc6 11.f4 Nxe4 12.Qd4 Nf6 13.Nb6 Rb8 14.Nxc8 Rxc8 15.Bxa6 c5
16.Qd2 Rb8 17.b3 Nd5 18.Bc4 Nxe3 19.Qxe3 Be7 20.Bd3 Bf6  0-1

[Event "71st ch-BRA"]
[Site "Sao Paulo BRA"]
[Date "2005.02.18"]
[Round "7"]
[White "Araujo,A"]
[Black "Tasoko,T"]
[Result "1-0"]
[WhiteElo "2258"]
[BlackElo "1935"]

1.e4 c5 2.Nf3 Nc6 3.Nc3 e6 4.d4 cxd4 5.Nxd4 Bb4 6.Nb5 d5 7.exd5 exd5 8.Qxd5 a6
9.Qxd8+ Kxd8 10.Na3 Bf5 11.Bg5+ f6 12.O-O-O+ Ke8 13.Be3 Nge7 14.Nc4 Be6 15.Nd6+ Bxd6
16.Rxd6 Kf7 17.Rd2 Rhd8 18.Rxd8 Rxd8 19.Be2 b5 20.a3 f5 21.Bb6 Rd7 22.Re1 Nd4
23.Bxd4 Rxd4 24.Bf3 g5 25.Bb7 Rd6 26.Re5 Rb6 27.Ba8 Kf6 28.Rc5 Rd6 29.Rc7 Rd7
30.Rc5 Bc4 31.b3 Be6 32.g3 h6 33.Bg2 Bf7 34.a4 bxa4 35.Nxa4 Bh5 36.Nc3 Bf7
37.Ra5 Rd6 38.g4 Be6 39.gxf5 Bxf5 40.Bf1 Nc6 41.Rxa6 Ke5 42.Nb5 Rf6 43.Bg2 Nb4
44.Rxf6 Kxf6 45.Nd4 Na6 46.Kd2 Ke5 47.Nxf5 Kxf5 48.Ke3 Ke5 49.c3 Nc5 50.b4 Ne6
51.b5 Kd6 52.b6 Nc5 53.c4 Na4 54.Kd4 Nc5 55.b7 Ne6+ 56.Ke3 Kc7 57.Be4 Nc5
58.Kd4 Nxb7 59.Bxb7 Kxb7 60.Kd5 Kc7 61.f3 Kd7 62.h3 h5 63.Ke4 Ke6 64.c5 h4
65.c6  1-0

[Event "VIII Malaga Open"]
[Site "Campillos ESP"]
[Date "2005.02.19"]
[Round "1"]
[White "Garcia Molina,F"]
[Black "Saldano,H"]
[Result "0-1"]
[WhiteElo "2023"]
[BlackElo "2482"]

1.e4 c5 2.Nf3 e6 3.d4 cxd4 4.Nxd4 Nc6 5.Nc3 Qc7 6.Be3 Nf6 7.f3 Bb4 8.Be2 a6
9.O-O O-O 10.Qd2 d5 11.Nxc6 bxc6 12.a3 Bd6 13.g3 Rd8 14.Rad1 Bb7 15.Qe1 c5
16.Bg5 Be5 17.exd5 exd5 18.f4 Bd4+ 19.Kg2 Bxc3 20.bxc3 d4+ 21.Bf3 Re8 22.Qd2 Ne4
23.Bxe4 Rxe4 24.Kg1 h6 25.Bh4 Rae8 26.Rde1 Qc6 27.Rxe4 Qxe4  0-1

[Event "Extraliga CZE 2004-5"]
[Site "Czech Rep CZE"]
[Date "2005.02.19"]
[Round "6"]
[White "Rasik,V"]
[Black "Mrva,Mart"]
[Result "1-0"]
[WhiteElo "2469"]
[BlackElo "2508"]

1.e4 c5 2.Nf3 e6 3.d4 cxd4 4.Nxd4 Nc6 5.Nc3 Qc7 6.Be3 Nf6 7.Qd2 Bb4 8.f3 O-O
9.a3 Be7 10.Ndb5 Qb8 11.O-O-O d6 12.Nxd6 Rd8 13.Nxc8 Rxd2 14.Nxe7+ Nxe7 15.Rxd2 Nc6
16.Be2 h6 17.g3 Na5 18.Rhd1 Qc7 19.Kb1 Nc4 20.Bxc4 Qxc4 21.e5 Nd5 22.Nxd5 exd5
23.Bd4 a5 24.f4 b5 25.f5 b4 26.axb4 axb4 27.b3 Qc6 28.g4 Kh7 29.Re1 Qa6 30.e6 fxe6
31.fxe6 Qd6 32.e7 Qf4 33.Rd3 Re8 34.h3 Qd6 35.Rde3 Qc7 36.Re5 Qd7 37.Bc5 d4
38.Rd1 Qc7 39.Rf5 Rc8 40.Rxd4 Qc6 41.Rd8 Ra8 42.Rxa8 Qxa8 43.Rf8  1-0

[Event "Mayor de Chile"]
[Site "Santiago CHI"]
[Date "2005.02.20"]
[Round "7"]
[White "Diaz Fuenzalida,J"]
[Black "Arancibia,E"]
[Result "0-1"]
[WhiteElo "2107"]
[BlackElo "2364"]

1.e4 c5 2.Nf3 e6 3.d4 cxd4 4.Nxd4 Nc6 5.Nc3 a6 6.Be2 Qc7 7.O-O Nf6 8.Be3 Bb4
9.Na4 Bd6 10.f4 Nxe4 11.Nxc6 bxc6 12.Qd4 Nf6 13.Nb6 Rb8 14.Nxc8 Rxc8 15.Bxa6 c5
16.Qd2 Rb8 17.b3 Nd5 18.Bc4 Nxe3 19.Qxe3 Be7 20.Kh1 d5 21.Be2 O-O 22.c4 d4
23.Qe4 g6 24.Bd3 Ra8 25.g3 Ra3 26.Rf2 Rfa8 27.Rb2 R8a6 28.Kg1 Qa7 29.Qe2 Bd8
30.f5 Kg7 31.fxg6 hxg6 32.Rf1 Qc7 33.Bb1 Bg5 34.Qd3 Be3+ 35.Kg2 Qb7+ 36.Rf3 e5
37.g4 Ra8 38.Re2 Rh8 39.Qe4 Qe7 40.Re1 Rh4 41.h3 f5 42.gxf5 Rxe4 43.f6+ Qxf6
44.Rxf6 Kxf6 45.Bxe4 Rxa2+ 46.Kf3 Rf2+ 47.Kg3 Rf4 48.Bg2  0-1

[Event "VIII Malaga Open"]
[Site "Campillos ESP"]
[Date "2005.02.21"]
[Round "4"]
[White "Rizouk,A"]
[Black "Bellon Lopez,JuM"]
[Result "1-0"]
[WhiteElo "2457"]
[BlackElo "2428"]

1.e4 c5 2.Nf3 e6 3.d4 cxd4 4.Nxd4 Nc6 5.Nc3 Qc7 6.Ndb5 Qd8 7.Be3 b6 8.f4 d6
9.Qf3 a6 10.Nd4 Nxd4 11.Bxd4 e5 12.Be3 Nf6 13.Bc4 Qc7 14.Bb3 Bb7 15.O-O-O Be7
16.g4 exf4 17.Bxf4 O-O 18.g5 Nd7 19.h4 Ne5 20.Bxe5 dxe5 21.Rdf1 Rac8 22.Rh2 Kh8
23.Qh5 Ba3 24.Rf3 Qc5 25.Rh1 Bb4 26.Rhf1 Bxc3 27.Rxc3 Qb4 28.Rxc8 Rxc8 29.Qxf7 Bxe4
30.h5 Qd6 31.a3 a5 32.a4 Qd8 33.Kb1 Qe8 34.Qf2 Qd8 35.Re1 Bc6 36.Rxe5 Qd1+
37.Ka2 Qxh5 38.Qxb6 Qf3 39.Qxa5 Qf4 40.Rc5 Qb8 41.Qc3 Bd7 42.Qe5 Qxe5 43.Rxe5 h5
44.gxh6 gxh6 45.a5 Bg4 46.a6 h5 47.Bd5 Rc5 48.b4 Rxc2+ 49.Kb3 Bd1 50.Re1  1-0

[Event "VIII Malaga Open"]
[Site "Campillos ESP"]
[Date "2005.02.21"]
[Round "4"]
[White "Arizmendi Martinez,J"]
[Black "Barrientos,S"]
[Result "0-1"]
[WhiteElo "2509"]
[BlackElo "2432"]

1.e4 c5 2.Nf3 Nc6 3.Nc3 e6 4.d4 cxd4 5.Nxd4 Nf6 6.a3 d6 7.Bc4 Be7 8.O-O O-O
9.Ba2 a6 10.Kh1 Qc7 11.f4 d5 12.e5 Ne4 13.Nxc6 Qxc6 14.Nxe4 dxe4 15.Be3 Rd8
16.Qe2 b5 17.Rad1 Rxd1 18.Rxd1 Bb7 19.Qf2 g6 20.Rd4 a5 21.Qd2 Rc8 22.c3 b4
23.axb4 axb4 24.cxb4 Qa6 25.h3 Qxa2  0-1

[Event "76th ch-GER"]
[Site "Altenkirchen GER"]
[Date "2005.02.22"]
[Round "5"]
[White "Meier,Geo"]
[Black "Schlosser,P"]
[Result "1-0"]
[WhiteElo "2372"]
[BlackElo "2570"]

1.e4 c5 2.Nf3 e6 3.d4 cxd4 4.Nxd4 Nc6 5.Nc3 a6 6.g3 Qc7 7.Bg2 Nf6 8.O-O Be7
9.Re1 O-O 10.Nxc6 dxc6 11.e5 Rd8 12.Qf3 Nd5 13.h4 h6 14.Qg4 Kh8 15.Qh5 Bf8
16.Ne4 b5 17.Nd6 Bxd6 18.exd6 Rxd6 19.b3 Bb7 20.Bb2 f6 21.c4 bxc4 22.bxc4 e5
23.cxd5 cxd5 24.Rec1 Qd7 25.Ba3 Rb6 26.Rc5 Qa4 27.Rc7 Qxa3 28.Qf7 Qf8 29.Rxb7 Qxf7
30.Rxf7 Rd8 31.Rc1 d4 32.Rb7  1-0

[Event "Aeroflot Open B"]
[Site "Moscow RUS"]
[Date "2005.02.22"]
[Round "8"]
[White "Mamedov,Rau"]
[Black "Grigoriants,S RUS"]
[Result "1/2-1/2"]
[WhiteElo "2494"]
[BlackElo "2540"]

1.e4 c5 2.Nf3 e6 3.d4 cxd4 4.Nxd4 Nc6 5.Nc3 d6 6.Be2 Nf6 7.O-O Be7 8.Be3 Bd7
9.f4 Nxd4 10.Bxd4 Bc6 11.Bd3 O-O 12.Kh1 Nd7 13.Qe2 Qa5 14.a3 Bf6 15.b4 Qc7
16.Bxf6 Nxf6 17.Rae1 a5 18.Qd2 b6 19.Qe3 axb4 20.axb4 Ra3 21.Nb1 Ra4 22.Qd4 Rc8
23.Nc3 Ra3 24.Nb1 e5 25.Qb2 Ra7 26.fxe5 dxe5 27.Nd2 Re8 28.Qc3 Ba4 29.Qb2 Bc6
30.Qc3 Ba4 31.Qb2 Bd7 32.Nc4 Be6 33.Na3 Qb8 34.Nb5 Rd7 35.Nc3 Red8 36.Ne2 Qd6
37.Ng3 Qd4 38.Qc1 Qxb4 39.Rxf6 gxf6 40.Nh5 Kh8 41.Rf1 Qf8 42.Nxf6 Ra7 43.Qg5 Ra5
44.Nxh7 Kxh7 45.Qh5+ Kg8 46.Qg5+ Kh7 47.Qh4+  1/2-1/2

[Event "Aeroflot Open B"]
[Site "Moscow RUS"]
[Date "2005.02.22"]
[Round "8"]
[White "Maze,S"]
[Black "Poluljahov,A"]
[Result "1-0"]
[WhiteElo "2455"]
[BlackElo "2505"]

1.e4 c5 2.Nf3 e6 3.d4 cxd4 4.Nxd4 Nc6 5.Nc3 Qc7 6.g3 a6 7.Bg2 d6 8.O-O Nf6
9.a4 Be7 10.Nb3 b6 11.f4 Rb8 12.Kh1 O-O 13.g4 Re8 14.g5 Nd7 15.Ne2 Bf8 16.Be3 Nc5
17.Nbd4 Nxd4 18.Bxd4 e5 19.Bxc5 bxc5 20.f5 Rxb2 21.Ra3 Bb7 22.Rh3 g6 23.Ng3 d5
24.Nh5 Rb6 25.Nf6+ Rxf6 26.gxf6 Qd6 27.fxg6 hxg6 28.Qg4 Bc8 29.Qxg6+  1-0

[Event "VIII Malaga Open"]
[Site "Campillos ESP"]
[Date "2005.02.23"]
[Round "6"]
[White "Carlsson,P"]
[Black "Javakhishvili,L"]
[Result "1/2-1/2"]
[WhiteElo "2381"]
[BlackElo "2456"]

1.e4 c5 2.Nf3 Nc6 3.Nc3 e6 4.d4 cxd4 5.Nxd4 Qc7 6.Be2 Nf6 7.O-O a6 8.Kh1 Be7
9.f4 d6 10.a4 O-O 11.Be3 Re8 12.a5 Nxa5 13.e5 dxe5 14.fxe5 Qxe5 15.Bf4 Qc5
16.Na4 Qa7 17.Be3 Rd8 18.Bd3 b6 19.b4 e5 20.bxa5 exd4 21.Bg5 bxa5 22.Bxf6 Bxf6
23.Rxf6 gxf6 24.Qh5 Kf8 25.Nc5 Be6 26.Ne4 f5 27.Ng5 Rd5 28.Re1 Qd7 29.Bc4 Rb8
30.Qxh7 Rb2 31.Qh8+ Ke7 32.Nh7 Kd6 33.Bxd5 Bxd5 34.Nf6 Qc6 35.Qh4  1/2-1/2

[Event "Aeroflot Open"]
[Site "Moscow RUS"]
[Date "2005.02.23"]
[Round "9"]
[White "Shabalov,A"]
[Black "Nisipeanu,LD"]
[Result "1/2-1/2"]
[WhiteElo "2607"]
[BlackElo "2673"]

1.e4 c5 2.Nf3 e6 3.d4 cxd4 4.Nxd4 Nc6 5.Nc3 Qc7 6.Be3 Nf6 7.Ndb5 Qb8 8.f4 d6
9.Bd3 Be7 10.Qf3 a6 11.Nd4 O-O 12.O-O e5 13.Nf5 Bxf5 14.exf5 Rd8 15.Bc4 exf4
16.Bb6 Rd7 17.Rad1 Bd8 18.Bf2 Ne5 19.Qxf4 Nxc4 20.Qxc4 Qc8 21.Qb3 Qc6 22.Rd3 b5
23.a4 Rc8 24.axb5 axb5 25.h3 h6 26.Bd4 Bb6 27.Rf2 Bxd4 28.Rxd4 Qc5 29.Qb4 Re7
30.Qxc5 dxc5 31.Rd1  1/2-1/2

[Event "Mayor de Chile"]
[Site "Santiago CHI"]
[Date "2005.02.23"]
[Round "10"]
[White "Rios Escobar,A"]
[Black "Caceres,S"]
[Result "1/2-1/2"]
[WhiteElo "2235"]
[BlackElo "2179"]

1.e4 c5 2.Nf3 e6 3.d4 cxd4 4.Nxd4 Nc6 5.Nc3 Qc7 6.Be2 a6 7.O-O Nf6 8.Be3 Be7
9.f4 d6 10.Bd3 O-O 11.g4 Nxd4 12.Bxd4 e5 13.g5 exd4 14.gxf6 dxc3 15.fxe7 Qxe7
16.bxc3 f5 17.Qf3 b5 18.exf5 Bb7 19.Qh3 Rf6 20.c4 Qd7 21.Qg3 b4 22.Rae1 Re8
23.Rxe8+ Qxe8 24.Re1 Qc6 25.Re7 Rf7 26.f6 Rxe7 27.fxe7 Kf7 28.Bxh7 Qc5+ 29.Kf1 Qxc4+
30.Bd3 Qd4 31.Qh4 Qf6 32.e8=Q+ Kxe8 33.Qe1+ Kd7 34.Qxb4 Qa1+ 35.Kf2 Qh1 36.Bf5+ Kc7
37.Qa5+ Kb8 38.Qd8+ Ka7 39.Qxd6 Qf3+  1/2-1/2

[Event "12th Metalis Open"]
[Site "Bizovac CRO"]
[Date "2005.02.24"]
[Round "1"]
[White "Grgic,Miro"]
[Black "Zivanic,M"]
[Result "0-1"]
[WhiteElo "2061"]
[BlackElo "2450"]

1.e4 c5 2.Nf3 e6 3.d4 cxd4 4.Nxd4 Nc6 5.Nc3 Qc7 6.Be2 a6 7.O-O Nf6 8.Be3 Bb4
9.Nxc6 bxc6 10.Bf3 Rb8 11.Qd3 d5 12.exd5 cxd5 13.Ne2 Bd6 14.g3 Rxb2 15.Bd4 Rb4
16.Bxf6 gxf6 17.Rab1 Rc4 18.c3 Be5 19.Rb3 O-O 20.Rfb1 Qc5 21.Rb4 Rxb4 22.Rxb4 f5
23.Rh4 Bg7 24.g4 e5 25.Bxd5 e4 26.Qd2 Qe7 27.g5 Rd8 28.c4 Be6 29.Rh5 Bxd5
30.cxd5 Qd6 31.Qa5 Qxd5 32.Qxd5 Rxd5 33.Rh3 Be5 34.Ra3 f4 35.f3 Bd6 36.Rxa6 Bc5+
37.Kf1 exf3 38.Nc3 Rd3  0-1

[Event "76th ch-GER"]
[Site "Altenkirchen GER"]
[Date "2005.02.25"]
[Round "8"]
[White "Sprenger,J"]
[Black "Bischoff,K"]
[Result "1-0"]
[WhiteElo "2491"]
[BlackElo "2555"]

1.e4 c5 2.Nf3 e6 3.d4 cxd4 4.Nxd4 Nc6 5.Nc3 d6 6.Be3 a6 7.Qd2 Bd7 8.O-O-O Rc8
9.Kb1 b5 10.Nxc6 Bxc6 11.f3 Nf6 12.g4 Nd7 13.g5 Ne5 14.f4 Nd7 15.Bg2 Be7
16.h4 Qc7 17.h5 b4 18.Ne2 Qb7 19.Ng3 Rg8 20.g6 hxg6 21.hxg6 f5 22.Rh2 fxe4
23.Bh3 Bd5 24.f5 Ne5 25.fxe6 Nf3 26.Qf2 Bh4 27.Bg4 Rf8 28.Rxh4 Nxh4 29.Qd2 Qc6
30.e7 Rf3 31.Bxf3 Nxf3 32.Qxd5  1-0

[Event "12th Metalis Open"]
[Site "Bizovac CRO"]
[Date "2005.02.25"]
[Round "4"]
[White "Lalic,K"]
[Black "Arsovic,Z"]
[Result "0-1"]
[WhiteElo "2209"]
[BlackElo "2455"]

1.e4 c5 2.Nf3 e6 3.d4 cxd4 4.Nxd4 Nc6 5.Nc3 d6 6.Be2 Nf6 7.Be3 Be7 8.Qd2 O-O
9.O-O-O a6 10.f4 Nd7 11.g4 Nxd4 12.Bxd4 b5 13.Bd3 Bb7 14.Rhg1 Qc7 15.g5 e5
16.Be3 exf4 17.Bxf4 Ne5 18.Bxe5 dxe5 19.Nd5 Bxd5 20.exd5 Bd6 21.Qe2 b4 22.Qe4 g6
23.Rg3 a5 24.Rh3 Qe7 25.Rg1 a4 26.Qh4 h5 27.Qe4 Qa7 28.Rf1 b3 29.Kb1 Rfb8
30.Rf6 Qg1+ 31.Rf1 bxc2+ 32.Kxc2 Qc5+ 33.Kd1 Rb4 34.Qf3 Rf4 35.Qe3 Rd4 36.Qf3 Qxd5
37.Qxd5 Rxd5 38.Ke2 Rd4 39.Rc1 Rb8 40.Rc2 e4 41.Bc4 Bf4  0-1

[Event "IBAR Inv"]
[Site "Santa Monica USA"]
[Date "2005.02.25"]
[Round "4"]
[White "Mitkov,N"]
[Black "Banawa,J"]
[Result "1/2-1/2"]
[WhiteElo "2547"]
[BlackElo "2319"]

1.e4 c5 2.Nc3 e6 3.Nf3 Nc6 4.d4 cxd4 5.Nxd4 Nf6 6.Nxc6 bxc6 7.e5 Nd5 8.Ne4 Bb7
9.c4 f5 10.cxd5 fxe4 11.dxe6 Bb4+ 12.Bd2 Bxd2+ 13.Qxd2 dxe6 14.Bc4 Qxd2+
15.Kxd2 Ke7 16.Ke3 c5 17.Rhd1 Rhd8 18.Rac1 Rac8 19.Rxd8 Rxd8 20.h4 Rc8 21.Rd1 Rc6
22.b3 a5 23.Rd2 Rb6 24.Rc2 Rb4 25.Rc3 h6 26.g3 Bc6 27.a3 Rb8 28.Be2 Bd5 29.Bd1 Rb5
30.Bc2 g5 31.hxg5 hxg5 32.Kd2 Kf7 33.a4 Rb4 34.Rxc5 Bxb3 35.Rb5 Bd5 36.Rxa5 Rb2
37.Kc3 Ra2 38.Ra7+ Kg6 39.g4 Ra3+ 40.Kd2 Rf3 41.Ke2 Rf4 42.Ke3 Rxg4 43.a5 Rg1
44.a6 Ra1 45.Bxe4+ Bxe4 46.Kxe4 Ra4+ 47.Kd3 Kf5 48.Rf7+ Kxe5 49.a7 Kd5 50.Kc3 Kc6
51.Kb3 Ra1 52.Re7 Kd6 53.Rg7 Kc6 54.Kb4 Rb1+ 55.Kc4 Ra1 56.Kd4 Kd6 57.Rb7 Kc6
58.Rg7 Kd6  1/2-1/2

[Event "12th Metalis Open"]
[Site "Bizovac CRO"]
[Date "2005.02.26"]
[Round "5"]
[White "Sulc,D"]
[Black "Zivanic,M"]
[Result "0-1"]
[WhiteElo "2310"]
[BlackElo "2450"]

1.e4 c5 2.Nf3 e6 3.d4 cxd4 4.Nxd4 Nc6 5.Nc3 Qc7 6.Be3 a6 7.Qd2 Nf6 8.f3 Bb4
9.O-O-O Ne5 10.Nb3 b5 11.Qf2 Nc4 12.Bc5 Bxc3 13.bxc3 d6 14.Bb4 d5 15.exd5 Nxd5
16.Qd4 Nxb4 17.cxb4 O-O 18.Bxc4 bxc4 19.Na5 Rb8 20.a3 Bb7 21.Qxc4 Qe7 22.Kb1 Rfc8
23.Qb3 Bd5 24.c4 Ba8 25.Ka1 Qg5 26.Qb2 h6 27.Rd7 e5 28.Rc1 e4 29.fxe4 Bxe4
30.g3 Rd8 31.Rcd1 Re8 32.Rf1 Bg6 33.c5 Qg4 34.c6 Rbc8 35.Rfd1 Kh7 36.Qc3 Re2
37.R7d2 Rxh2 38.c7 Rg2 39.Kb2 Qxd1  0-1

[Event "TCh-SWE Elitserien 2004-5"]
[Site "Sweden SWE"]
[Date "2005.02.26"]
[Round "8"]
[White "Ong,Kez"]
[Black "Von Bahr,O"]
[Result "0-1"]
[WhiteElo "2363"]
[BlackElo "2314"]

1.e4 c5 2.Nf3 e6 3.d4 cxd4 4.Nxd4 Nc6 5.Nc3 Qc7 6.f4 a6 7.Nxc6 Qxc6 8.Bd3 Bc5
9.Qg4 g6 10.Bd2 b5 11.e5 f5 12.exf6 Nxf6 13.Bxg6+ Kd8 14.Qh4 Be7 15.Ne4 Bb7
16.Ng5 Kc7 17.O-O-O Rac8 18.Bd3 Kb8 19.Nf7 Rhg8 20.Ne5 Qc7 21.Rhg1 d6 22.Nf7 Ne4
23.Qe1 Nc5 24.Qe2 Bf6 25.Ng5 e5 26.Bf5 Bxg5 27.fxg5 Qf7 28.Bxc8 Qxa2 29.Bb4 Rxc8
30.Bxc5 Rxc5 31.Rgf1 Qa1+ 32.Kd2 Qxb2 33.Rc1 Qb4+ 34.Ke3 Qd4+  0-1

[Event "ch-RUS u20"]
[Site "Nojabrsk RUS"]
[Date "2005.03.02"]
[Round "1"]
[White "Kuznetsov,Vi2"]
[Black "Timofeev,Arty"]
[Result "0-1"]
[WhiteElo "2416"]
[BlackElo "2619"]

1.e4 c5 2.Nf3 Nc6 3.d4 cxd4 4.Nxd4 e6 5.Nc3 d6 6.Be3 Nf6 7.Be2 Be7 8.O-O O-O
9.Kh1 Bd7 10.f4 Nxd4 11.Qxd4 Bc6 12.Rad1 Rc8 13.f5 exf5 14.Rxf5 a6 15.Rdf1 Bd7
16.R5f3 Ng4 17.Bf4 Ne5 18.Bxe5 dxe5 19.Qxe5 Be6 20.Rg3 g6 21.Rd3 Qc7 22.Qxc7 Rxc7
23.Nd5 Bxd5 24.Rxd5 Rxc2 25.Bd1 Rc1 26.g3 Rb1 27.b3 b5 28.a4 Rd8 29.Rxd8+ Bxd8
30.axb5 axb5 31.Kg2 Bb6 32.h4 Kg7 33.g4 Bd4 34.Kf3 Rb2 35.Kf4 f6 36.g5 Be5+
37.Kf3 Rh2 38.gxf6+ Bxf6 39.Rf2 Rh3+ 40.Kg2 Rxh4 41.Bc2 Be5 42.Bd3 Rh2+ 43.Kg1 Rxf2
44.Kxf2 b4 45.Ke3 h5 46.Be2 Kf6 47.Bb5 Kg5 48.Be8 Kh6 49.Kd3 g5 50.Bd7 g4
51.Ke3 Kg5 52.Kf2 h4 53.Kg1 h3 54.Be6 Kh4  0-1